| 000 -CABECERA |
| campo de control de longitud fija |
00769nam a2200217 u 4500 |
| 001 - NÚMERO DE CONTROL |
| campo de control |
000055036 |
| 005 - FECHA Y HORA DE LA ÚLTIMA TRANSACCIÓN |
| campo de control |
20200120222947.0 |
| 008 - DATOS DE LONGITUD FIJA--INFORMACIÓN GENERAL |
| campo de control de longitud fija |
130530s1970 sp a gr 000 0 spa d |
| 041 1# - CÓDIGO DE LENGUA |
| Código de lengua del texto/banda sonora o título independiente |
/spa |
| 082 04 - NÚMERO DE LA CLASIFICACIÓN DECIMAL DEWEY |
| Número de clasificación |
547.128 |
| Número de documento/Ítem |
S45 |
| Número de edición |
21 |
| 100 1# - ENTRADA PRINCIPAL--NOMBRE DE PERSONA |
| Nombre de persona |
Simon, Wilhelm |
| Fechas asociadas al nombre |
1929, 1929-. |
| 245 10 - MENCIÓN DE TÍTULO |
| Título |
Elucidación estructural de compuestos orgánicos por métodos espectroscopios / |
| Mención de responsabilidad, etc. |
W. Simon, T. Clerc ; tr. José Castells, Francisco Camps. |
| 250 ## - MENCIÓN DE EDICIÓN |
| Mención de edición |
1a. ed. |
| 260 ## - PUBLICACIÓN, DISTRIBUCIÓN, ETC. |
| Lugar de publicación, distribución, etc. |
Madrid : |
| Nombre del editor, distribuidor, etc. |
Alhambra, |
| Fecha de publicación, distribución, etc. |
1970. |
| 300 ## - DESCRIPCIÓN FÍSICA |
| Extensión |
3 v. : |
| Otras características físicas |
il., diagrs. |
| 490 0# - MENCIÓN DE SERIE |
| Mención de serie |
Vertix |
| -- |
Sección I Química |
| Designación de volumen o secuencia |
6 |
| 505 0# - NOTA DE CONTENIDO CON FORMATO |
| Información miscelánea |
v.1 : |
| Título |
Tablas. -- |
| Información miscelánea |
v.2 : |
| Título |
Resolución de problemas. -- |
| Información miscelánea |
v.3 |
| Título |
Problemas. -- |
| 650 17 - PUNTO DE ACCESO ADICIONAL DE MATERIA--TÉRMINO DE MATERIA |
| Término de materia o nombre geográfico como elemento de entrada |
Análisis espectral |
| Fuente del encabezamiento o término |
LEMB. |
| 650 27 - PUNTO DE ACCESO ADICIONAL DE MATERIA--TÉRMINO DE MATERIA |
| Término de materia o nombre geográfico como elemento de entrada |
Química orgánica |
| Fuente del encabezamiento o término |
LEMB. |
| 700 1# - PUNTO DE ACCESO ADICIONAL--NOMBRE DE PERSONA |
| Nombre de persona |
Clerc, Thomas |